ნორმალური ფორმატი
MARC ფორმატი
ჩანაწერი Personal Name
ჩანაწერთა რაოდენობა, რომელიც გამოყენებულია: 1
001 - CONTROL NUMBER
- control field: 25778
003 - CONTROL NUMBER IDENTIFIER
- control field: GE_BSU
005 - DATE AND TIME OF LATEST TRANSACTION
- control field: 20250905163756.0
008 - FIXED-LENGTH DATA ELEMENTS
- fixed length control field: 250905|| aca||aabn | a|a d
040 ## - CATALOGING SOURCE
- Original cataloging agency: GE_BSU
- Transcribing agency: GE_BSU
100 ## - HEADING--PERSONAL NAME
- Personal name: ხაზარაძე, ნანა
670 ## - SOURCE DATA FOUND
- Source citation: Work cat.: (GE_BSU)56642: ხაზარაძე, ნანა, აღმოსავლეთ მცირე აზიის ეთნიკური და პოლიტიკური გაერთიანებები ძვ. წ. I ათასწლეულის პირველ ნახევარში /
